MANIPAL MANUAL OF CLINICAL MEDICINE (Record no. 6603)
[ view plain ]
| 000 -LEADER | |
|---|---|
| fixed length control field | 00348nam a2200145Ia 4500 |
| 008 - FIXED-LENGTH DATA ELEMENTS--GENERAL INFORMATION | |
| fixed length control field | 150301s2014 xx 000 0 und d |
| 082 ## - DEWEY DECIMAL CLASSIFICATION NUMBER | |
| Classification number | 610 |
| Item number | M14S |
| 100 ## - MAIN ENTRY--PERSONAL NAME | |
| Personal name | SHARTRY, B.A. |
| 245 ## - TITLE STATEMENT | |
| Title | MANIPAL MANUAL OF CLINICAL MEDICINE |
| 250 ## - EDITION STATEMENT | |
| Edition statement | 2ND |
| 260 ## - PUBLICATION, DISTRIBUTION, ETC. (IMPRINT) | |
| Name of publisher, distributor, etc. | CBS |
| Place of publication, distribution, etc. | INDIA |
| Date of publication, distribution, etc. | 2014 |
| 300 ## - PHYSICAL DESCRIPTION | |
| Extent | 372 |
| 650 ## - SUBJECT ADDED ENTRY--TOPICAL TERM | |
| Topical term or geographic name as entry element | GENERAL MEDICINE |
| 942 ## - ADDED ENTRY ELEMENTS (KOHA) | |
| Source of classification or shelving scheme | Dewey Decimal Classification |
| Koha item type | Books |
| Koha issues (borrowed), all copies | 28 |
| Withdrawn status | Lost status | Source of classification or shelving scheme | Damaged status | Not for loan | Collection code | Home library | Current library | Shelving location | Date acquired | Source of acquisition | Cost, normal purchase price | SGTU | Bill Number | Total Checkouts | Full call number | Barcode | Date last seen | Date last checked out | Bill Date | Koha item type |
|---|---|---|---|---|---|---|---|---|---|---|---|---|---|---|---|---|---|---|---|---|
| Dewey Decimal Classification | MEDICAL | SGT Medical Library | SGT Medical Library | Text Book | 02/07/2015 | ABC DELHI | 445.00 | SGTU | 4960 | 12 | 610 M14S | FM6551 | 28/11/2025 | 14/11/2025 | 25/10/2014 | Books | ||||
| Dewey Decimal Classification | MEDICAL | SGT Medical Library | SGT Medical Library | Text Book | 02/07/2015 | ABC DELHI | 445.00 | SGTU | 4960 | 610 M14S | FM6552 | 02/07/2015 | 25/10/2014 | Books | ||||||
| Dewey Decimal Classification | MEDICAL | SGT Medical Library | SGT Medical Library | Text Book | 02/07/2015 | ABC DELHI | 445.00 | SGTU | 4960 | 610 M14S | FM6553 | 02/07/2015 | 25/10/2014 | Books | ||||||
| Dewey Decimal Classification | MEDICAL | SGT Medical Library | SGT Medical Library | Text Book | 02/07/2015 | ABC DELHI | 445.00 | SGTU | 4960 | 8 | 610 M14S | FM6554 | 12/12/2025 | 12/12/2025 | 25/10/2014 | Books | ||||
| Dewey Decimal Classification | MEDICAL | SGT Medical Library | SGT Medical Library | Text Book | 02/07/2015 | ABC DELHI | 445.00 | SGTU | 4960 | 17 | 610 M14S | FM6555 | 23/09/2024 | 07/09/2024 | 25/10/2014 | Books |